00618nam a2200205Ia 4500003000500000008004100005020001800046040001900064082000700083100002300090245003700113246003600150260005000186300001000236365000800246546001200254942001600266999001700282952011300299STCL221019s9999 xx 000 0 und d a9788185944906 aSTCLcSTCLbEN 222 aPalkhivala, Nani A 0aWe, the nation: the lost decades aWe the nation: The lost decades bUBS Publishers' DistributorsaNew Delhic2014 a332 p b275 aEnglish cBK2DDCe22 c87982d87982 00102DDC4070aSTCALbSTCALcGENd0000-00-00l0o320.954 PAL-Wp96714r2022-10-19 00:00:00w2022-10-19yBK